Timber grading and scanning (Record no. 104823)
[ view plain ]
| 000 -LEADER | |
|---|---|
| fixed length control field | 00957cam a2200217 4500 |
| 001 - CONTROL NUMBER | |
| control field | ##L131750 |
| 008 - FIXED-LENGTH DATA ELEMENTS--GENERAL INFORMATION | |
| fixed length control field | 051206n2005 000 0 eng u |
| 020 ## - INTERNATIONAL STANDARD BOOK NUMBER | |
| International Standard Book Number | 1860817483 |
| 035 ## - SYSTEM CONTROL NUMBER | |
| System control number | (Sirsi) u131750 |
| 041 0# - LANGUAGE CODE | |
| Language code of text/sound track or separate title | eng |
| 050 04 - LIBRARY OF CONGRESS CALL NUMBER | |
| Classification number | 691.1 $2 18 |
| 100 1# - MAIN ENTRY--PERSONAL NAME | |
| Personal name | Holland, Chris |
| 245 00 - TITLE STATEMENT | |
| Title | Timber grading and scanning |
| 260 ## - PUBLICATION, DISTRIBUTION, ETC. | |
| Place of publication, distribution, etc. | Watford |
| Name of publisher, distributor, etc. | BRE |
| Date of publication, distribution, etc. | 2005 |
| 300 ## - PHYSICAL DESCRIPTION | |
| Extent | 12p |
| Other physical details | ill |
| Dimensions | 30cm |
| 490 #0 - SERIES STATEMENT | |
| Series statement | BRE Digest |
| Volume/sequential designation | 492 |
| 520 ## - SUMMARY, ETC. | |
| Summary, etc. | Reports on advances in grading and scanning technology for logs and sawn timber, and changes to structural timber grading due to European harmonisation. Discusses log sorting and processing, internal imaging of logs, strength grading of timber, methods of machine grading, current and potential new technologies, machine control and output, optical board scanners, tracheid effect, and timber distortion. |
| 690 ## - LOCAL SUBJECT ADDED ENTRY--TOPICAL TERM (OCLC, RLIN) | |
| Topical term or geographic name as entry element | BUILT ENVIRONMENT-BUILDING MATERIALS-TIMBER-TIMBER AND WOOD |
| 700 1# - ADDED ENTRY--PERSONAL NAME | |
| Personal name | Reynolds, Tim |
| 942 ## - ADDED ENTRY ELEMENTS (KOHA) | |
| Suppress in OPAC | 0 |
| Withdrawn status | Lost status | Source of classification or shelving scheme | Damaged status | Not for loan | Home library | Current library | Shelving location | Date acquired | Total Checkouts | Full call number | Barcode | Date last seen | Copy number | Price effective from | Koha item type |
|---|---|---|---|---|---|---|---|---|---|---|---|---|---|---|---|
| Dewey Decimal Classification | London | London | BRE publications | 06/12/2005 | ENQUIRY DESK | 30061300 | 06/08/2019 | 1 | 06/08/2019 | Book |